| 000 | 00645nam a2200229Ia 4500 | ||
|---|---|---|---|
| 003 | OSt | ||
| 005 | 20221006165300.0 | ||
| 006 | a|||||r|||| 00| 0 | ||
| 007 | ta | ||
| 008 | 221006b |||||||| |||| 00| 0 hin d | ||
| 024 | _a6,205 | ||
| 037 | _cTextual | ||
| 040 |
_aFML _cFML _bhin |
||
| 041 |
_2hin _ahin |
||
| 082 | _aNRm44,N35, 152L7 -; 8 | ||
| 100 |
_aSangeet Karyalaya Au. _9679481 |
||
| 245 | 0 |
_aSangeet _b Alaap Taan Ank |
|
| 260 |
_aHathras _bSangeet Karyalaya India _c1977 |
||
| 300 |
_a204 _ccm. |
||
| 942 |
_hNRm44,N35, 152L7 -; 8 _cTEXL _2CC |
||
| 999 |
_c1120272 _d1120272 |
||